000 01006nam a2200289 a 4500
003 BLK
005 20240516101450.0
008 180408b bul|||||r ||||||| ||bul||
010 _aKNG00053772000
020 _a3-7913-1385-1
040 _aBLK
041 _aDEU
_cENG
080 _aЖивопис върху миниатюри. Илюстрации на книги
_b75.056
_x.034(450)(084)
_z75.056.034(450)(084)
139 _aThe Painted Page
_bП 33
245 1 0 _aThe Painted Page
_bItalian Renaissance Book Illumination: 1450 - 1550
_ced. by J. G. Alexander.
257 _aDEU
260 _bPrestel
_c1994
300 _a274 c
_bс ил.
_c31 cm
380 _a7
650 4 _aИлюстрация, книжна - Италия - Ренесанс
_9282912
653 _aРенесанс
653 _aкнижна илюстрация
700 1 _aAlexander, J. G.
_eed. by
_9282911
852 _bИП
_c75/П 33
942 _cKNG
_n0
944 _aCR
_c01.01.1999
_k30540
_lСевдалина Тодорова
999 _c49911
_d49911